01258nam a2200253Ia 4500001000700000003000500007008004100012010001100053040000900064082001700073245012800090260009500218300000900313500004100322505038200363650003800745650002600783700002900809700002800838700002400866700002000890700001900910710007500929Z_1597CHAP220113s1982 xx 000 0 und d a164684 cCHAP a636.0896 M36 aManual ilustrado para el conocimiento y diagnóstico de ciertas enfermedades de los animales /cJ. J. Calis... [et. al.] aMéxico :bComisión México-Americana para la Prevención de la Fiebre Aftosa,c1982 a2 v. aEl volumen 2 es una edicón de 1988 aEl v.2 es un complemento del v.1. Esta nueva publicaión trata sobre las enfermedades contenidas en el Manual de la Asociación de Saud Animal de loa Estados Unidos, revisado y publicado en l984 y que no fueron incluidos en el primer volumen. con el objetivo de que se tengan todas las enfermedades de los animales consideradas exóticas para Méxcio y los Estados Unidos. aPatología veterinariaxManuales aVeterinariaxManuales a Dardiri, A. H., coaut.  a Ferris, D. H., coaut.  a Mason John. coaut. a Wilder, F. W.  aCallis, J. J.  aComisión México-Americana para la Prevención de la Fiebre Aftosa